UK Economic Brief for May 2004 (Record no. 117381)
[ view plain ]
| 000 -LEADER | |
|---|---|
| fixed length control field | 01137cam a2200241 4500 |
| 001 - CONTROL NUMBER | |
| control field | WB4019-06 |
| 008 - FIXED-LENGTH DATA ELEMENTS--GENERAL INFORMATION | |
| fixed length control field | 040520n2004 000 0 eng u |
| 035 ## - SYSTEM CONTROL NUMBER | |
| System control number | (Sirsi) u126244 |
| 245 ## - TITLE STATEMENT | |
| Title | UK Economic Brief for May 2004 |
| 260 ## - PUBLICATION, DISTRIBUTION, ETC. | |
| Date of publication, distribution, etc. | 2004 |
| 490 ## - SERIES STATEMENT | |
| Series statement | RICS UK Economic Brief |
| Volume/sequential designation | 18 May 2004 (2) |
| 520 ## - SUMMARY, ETC. | |
| Summary, etc. | The UK Economic Brief forecasts gradual rate hikes for the rest of 2004 but the impact of the rises on the economy will be muted. In the commercial property market the strengthening economy signals that nominal rents are set to start rising but a real recovery is only likely by the end of 2005. In the residential property market figures confirm the acceleration in house prices indicated by RICS early in the year. For the UK Economic Brief: http://www.rics.org/ricscms/bin/show?class=Brief&t emplate=/includes/showbrief.html&id=606 |
| 590 ## - LOCAL NOTE (RLIN) | |
| Local note | WB |
| 590 ## - LOCAL NOTE (RLIN) | |
| Local note | WB |
| 650 ## - SUBJECT ADDED ENTRY--TOPICAL TERM | |
| Topical term or geographic name entry element | ECONOMIC BRIEF |
| 650 ## - SUBJECT ADDED ENTRY--TOPICAL TERM | |
| Topical term or geographic name entry element | ECONOMY |
| 650 ## - SUBJECT ADDED ENTRY--TOPICAL TERM | |
| Topical term or geographic name entry element | COMMERCIAL PROPERTY MARKET |
| 650 ## - SUBJECT ADDED ENTRY--TOPICAL TERM | |
| Topical term or geographic name entry element | CONSTRUCTION MARKET |
| 650 ## - SUBJECT ADDED ENTRY--TOPICAL TERM | |
| Topical term or geographic name entry element | RESIDENTIAL PROPERTY MARKET |
| 650 ## - SUBJECT ADDED ENTRY--TOPICAL TERM | |
| Topical term or geographic name entry element | INTEREST RATES |
| 690 ## - LOCAL SUBJECT ADDED ENTRY--TOPICAL TERM (OCLC, RLIN) | |
| Topical term or geographic name as entry element | ECONOMIC ISSUES |
| 942 ## - ADDED ENTRY ELEMENTS (KOHA) | |
| Suppress in OPAC | 0 |
| Withdrawn status | Lost status | Source of classification or shelving scheme | Damaged status | Not for loan | Home library | Current library | Shelving location | Date acquired | Total Checkouts | Full call number | Barcode | Date last seen | Copy number | Price effective from | Koha item type |
|---|---|---|---|---|---|---|---|---|---|---|---|---|---|---|---|
| Dewey Decimal Classification | London | London | News article | 20/05/2004 | WB4019-06 | 126244-1001 | 06/08/2019 | 1 | 06/08/2019 | News article |